Ufo Edícia záhad /
Enregistré dans:
| Auteurs principaux: | , |
|---|---|
| Autres auteurs: | |
| Format: | Livre |
| Langue: | slovaque |
| Publié: |
Gemini, spol. s r. o.
1992
|
| Édition: | 1. vydanie |
| Tags: |
Pas de tags, Soyez le premier à ajouter un tag!
|
MARC
| LEADER | 00000nam a22000003a 4500 | ||
|---|---|---|---|
| 001 | 0101168 | ||
| 003 | SK-STU | ||
| 005 | 20230331101815.7 | ||
| 007 | ta | ||
| 008 | 230331s ----xo-----e------000-0-----d | ||
| 020 | |a 80-85265-91-5 | ||
| 040 | |a STU |b slo | ||
| 041 | 0 | |a slo | |
| 044 | |a xo | ||
| 100 | 1 | |a CAVE, P. Janet |4 aut | |
| 245 | 1 | 0 | |a Ufo |b Edícia záhad / |c aut. P. Janet CAVE, Laura FOREMAN ; prekl. Jozef FUKATSCH |
| 250 | |a 1. vydanie | ||
| 260 | |b Gemini, spol. s r. o. |c 1992 | ||
| 300 | |a 157 s. | ||
| 700 | 1 | |a FOREMAN, Laura |4 aut | |
| 700 | 1 | |a FUKATSCH, Jozef |4 trl | |
| 996 | |c I* 4SOA13857 |l I |s A |a 24 |w 0101168_0001 | ||